Depeche Mode Albums - Sudden Death - Statistics

General Stats
  • This quiz has been taken 47 times
  • The average score is 12 of 15
Answers on the Grid
Answers color-coded by a green-red scale on the quiz's grid according to % correct below.
Some Great Reward
Power, Corruption & Lies
Exciter
Songs of Faith and Devotion
Songs to Learn & Sing
Disintegration
Louder Than Bombs
Speak & Spell
Memento Mori
Music for the Masses
It's No Good
Unknown Pleasures
Ultra
Delta Machine
Hatful of Hollow
Spirit
Construction Time Again
A Hero's Death
Of Human Nature
Sounds of the Universe
The Head on the Door
Black Celebration
A Broken Frame
Just Can't Get Enough
Violator
Enjoy the Silence
The World Won't Listen
Belief
Playing the Angel
Riot
 
Answer Stats
Answer % Correct
Music for the Masses
93%
Exciter
90%
Memento Mori
90%
Songs of Faith and Devotion
90%
Speak & Spell
90%
Some Great Reward
87%
Violator
87%
A Broken Frame
80%
Black Celebration
80%
Construction Time Again
80%
Ultra
80%
Playing the Angel
77%
Delta Machine
73%
Sounds of the Universe
67%
Spirit
67%
No matching quizzes found
Score Distribution
Percent of People with Each Score
Percentile by Number Answered
Your Score History
You have not taken this quiz